Fr. Conceicao Rodrigues College of Engineering

Operation Research (Record no. 35519)

MARC details
000 -LEADER
fixed length control field 00294nam a2200145Ia 4500
082 ## - DEWEY DECIMAL CLASSIFICATION NUMBER
Classification number 003/KAL
Item number KAL
100 ## - MAIN ENTRY--PERSONAL NAME
Personal name Kalavathy/ S.
250 ## - EDITION STATEMENT
Edition statement 2
245 ## - TITLE STATEMENT
Title Operation Research
260 ## - PUBLICATION, DISTRIBUTION, ETC.
Name of publisher, distributor, etc. Vikas Publishing House
Date of publication, distribution, etc. 2002
300 ## - PHYSICAL DESCRIPTION
Extent 536
546 ## - LANGUAGE NOTE
Language note ENGLISH
942 ## - ADDED ENTRY ELEMENTS (KOHA)
Koha item type BOOK
Holdings
Withdrawn status Lost status Damaged status Not for loan Collection Home library Current library Date acquired Source of acquisition Cost, normal purchase price Inventory number Total Checkouts Full call number Barcode Date due Date last seen Date last checked out Cost, replacement price Price effective from Koha item type
        CRC Fr. Agnel's C.Rodrigues College of Engineering Fr. Agnel's C.Rodrigues College of Engineering 17/03/2023 Educational books and periodicals 215.00 252 dt 27/04/2009 1 003/KAL KAL 19492 19/04/2026 19/01/2026 19/01/2026 215.00   BOOK